| 000 | 00811nam a2200217 a 4500 | ||
|---|---|---|---|
| 003 | 0 | ||
| 005 | 20250618111441.0 | ||
| 008 | 021119s19uu xx 00 eng d | ||
| 050 |
_aPGS HQ 799.P5 _b.Al357 2000 |
||
| 100 | _aAdecer, Marvic Andolong. | ||
| 245 |
_aEffects of absentee fathers on the emotional stability of their adolescent sons / _cMarvic Andolong Adecer. |
||
| 260 |
_aLas PiƱas City, Philippines : _bSouthville International School and Colleges, _c2000. |
||
| 300 |
_a16 pages : _bcolored illustrations ; _c28 cm. |
||
| 504 | _aIncludes bibliographical references. | ||
| 650 | _aFatherless families. | ||
| 650 |
_aAdolescent boys _vPsychology. |
||
| 650 | _aEmotional stability. | ||
| 650 | _aFather and child. | ||
| 650 |
_aParent and child _vPsychological aspects. |
||
| 942 |
_2lcc _cPASS |
||
| 999 |
_c96279 _d96279 |
||